000 00559nam a2200229Ia 4500
008 101110s9999 xx 000 0 und d
041 _aENGLISH
082 _bSR33620
100 _aTiwari N.M.
245 _aChild psychology
260 _c2007
_bSaurabh publishing house, New Delhi
300 _a292
365 _b495
520 _aPsychology
520 _aUGC XIth Five Year Plan 2009-2010
546 _aENGLISH
630 _aChild psychology
650 _aPsychology
655 _aPsychology
730 _aChild psychology
942 _cBOOK
999 _c826121
_d826118